Image Based Navigation Using 3-D Features Computed from a Downward Looking UAV Camera (Record no. 326074)
[ view plain ]
| 000 -LEADER | |
|---|---|
| fixed length control field | 00424 a2200133 4500 |
| 001 - CONTROL NUMBER | |
| control field | 91001 |
| 082 ## - DEWEY DECIMAL CLASSIFICATION NUMBER | |
| Classification number | PR 1381 |
| 090 ## - LOCALLY ASSIGNED LC-TYPE CALL NUMBER (OCLC); LOCAL CALL NUMBER (RLIN) | |
| -- | 43146 |
| -- | 43146 |
| 100 ## - MAIN ENTRY--PERSONAL NAME | |
| Personal name | Sirkhail Saghee; Prof Tauseef ur Rehman and Salman Aslam (Advisors) |
| 245 ## - TITLE STATEMENT | |
| Title | Image Based Navigation Using 3-D Features Computed from a Downward Looking UAV Camera |
| Number of part/section of a work | 75th 'B' EC |
| 260 ## - PUBLICATION, DISTRIBUTION, ETC. | |
| Place of publication, distribution, etc. | Rawalpindi |
| Name of publisher, distributor, etc. | NUST |
| Date of publication, distribution, etc. | 2013 |
| 300 ## - PHYSICAL DESCRIPTION | |
| Extent | 75p |
| 500 ## - GENERAL NOTE | |
| General note | BE Project Reports |
| 942 ## - ADDED ENTRY ELEMENTS (KOHA) | |
| Institution code [OBSOLETE] | CAE NUST |
| Call number prefix | PR 1381 |
| Withdrawn status | Lost status | Damaged status | Not for loan | Collection code | Permanent Location | Current Location | Date acquired | Total Checkouts | Full call number | Barcode | Date last seen | Price effective from | Koha item type |
|---|---|---|---|---|---|---|---|---|---|---|---|---|---|
| College of Aeronautical Engineering (CAE) | College of Aeronautical Engineering (CAE) | 04/03/2017 | PR 1381 | CAEPR-1381 | 04/05/2017 | 04/05/2017 | Book |
